[Event "Large KO, Standard Pace / <1800"]
[Site "SchemingMind.com"]
[Date "2009.03.30"]
[Round "-"]
[White "maro"]
[Black "lemmie"]
[Result "0-1"]
[WhiteCountry "MEX"]
[BlackCountry "NED"]
[WhiteElo "1353"]
[WhiteRD "49"]
[BlackElo "1754"]
[BlackRD "52"]
[GameID "198268"]

1. e4 e5 2. Nc3 Bc5 3. Nh3 d6 4. g3 Nf6 5. Bc4 Bxh3 6. d3 Ng4 7. Qf3 Bxf2+ 8. Ke2 O-O 9. Nd5 c6 10. Ne3 Bxe3
11. Bxe3 Qd7 12. Bd2 Nxh2 13. Rxh2 Bg4 14. Qxg4 Qxg4+ 15. Kf1 Qxg3 16. Rg2 Qh3 17. Kf2 Nd7 18. Rag1 g6 19. Rg3 Qh2+ 20. R1g2 Qh4
21. Bg5 Qh5 22. Be7 Rfe8 23. Bxd6 b5 24. Bb3 a5 25. Rg5 Qh4+ 26. Kg1 a4 27. Bxf7+ Kxf7 28. Rf2+ Kg8 29. Rgg2 c5 30. b4 axb3
31. axb3 Ra1+ 32. Rf1 Rxf1+ 33. Kxf1 Ra8
0-1

[Event "Large KO, Standard Pace / <1800"]
[Site "SchemingMind.com"]
[Date "2009.03.30"]
[Round "-"]
[White "lemmie"]
[Black "maro"]
[Result "1-0"]
[WhiteCountry "NED"]
[BlackCountry "MEX"]
[WhiteElo "1754"]
[WhiteRD "52"]
[BlackElo "1353"]
[BlackRD "49"]
[GameID "198272"]

1. e4 e5 2. Nf3 Nf6 3. Nc3 c6 4. d4 exd4 5. Nxd4 Bd6 6. f4 Bc5 7. Be3 d5 8. e5 Ne4 9. Bd3 g6 10. Qf3 Bf5
11. g4 Qh4+ 12. Bf2 Qxf2+ 13. Qxf2 Nxf2 14. Kxf2 Bxg4 15. Kg3 h5 16. Nb3 Be3 17. h3 Bf5 18. Bxf5 gxf5 19. Kf3 Bb6 20. Rhe1 Rh6
21. a4 a5 22. Re2 Na6 23. Rae1 O-O-O 24. e6 fxe6 25. Rxe6 Rxe6 26. Rxe6 Kd7 27. Rh6 Nb4 28. Na1 d4 29. Nd1 d3 30. cxd3 Nxd3
31. Nc2 Kc8 32. Rxh5 Rd5 33. Nc3 Ne1+ 34. Nxe1
1-0

[Event "Large KO, Standard Pace / <1800"]
[Site "SchemingMind.com"]
[Date "2009.03.30"]
[Round "-"]
[White "spoke"]
[Black "aadaam"]
[Result "1-0"]
[WhiteCountry "GER"]
[BlackCountry "INT"]
[WhiteElo "1781"]
[WhiteRD "61"]
[BlackElo "1710"]
[BlackRD "50"]
[GameID "198382"]

1. e4 e6 2. d4 d5 3. Nc3 dxe4 4. Nxe4 Be7 5. Bd3 Nf6 6. Nf3 Nbd7 7. O-O Nxe4 8. Bxe4 Nf6 9. Bd3 O-O 10. Bd2 c5
11. c3 b6 12. Bg5 Bb7 13. dxc5 Bxc5 14. Nd4 h6 15. Bh4 Qd5 16. Nf3 Rad8 17. Be2 Qe4 18. Qe1 g5 19. Bg3 g4 20. Nh4 Nh5
21. Rd1 Nxg3 22. hxg3 f5 23. Bb5 Qxe1 24. Rfxe1 Bd5 25. c4
1-0

[Event "Large KO, Standard Pace / <1800"]
[Site "SchemingMind.com"]
[Date "2009.03.31"]
[Round "-"]
[White "aadaam"]
[Black "spoke"]
[Result "0-1"]
[WhiteCountry "INT"]
[BlackCountry "GER"]
[WhiteElo "1710"]
[WhiteRD "50"]
[BlackElo "1781"]
[BlackRD "61"]
[GameID "198387"]

1. d4 Nf6 2. c4 e6 3. Nc3 Bb4 4. a3 Bxc3+ 5. bxc3 c5 6. e3 d6 7. Bd3 Nc6 8. Ne2 b6 9. O-O Bb7 10. f3 O-O
11. e4 d5 12. cxd5 exd5 13. e5 Nd7 14. Be3 cxd4 15. cxd4 Rc8 16. Nf4 Na5 17. Re1 Nc4 18. Qb3 Re8 19. Bf2 Nf8 20. Rac1 Qg5
21. g3 Nd2 22. Rxc8 Rxc8 23. Qd1 Nc4 24. h4 Qh6 25. Be3 Nxe3 26. Rxe3 Ne6 27. Ng2 Nxd4 28. f4 Ne6 29. Bf5 d4 30. Re2 Bxg2
31. Kxg2 Rd8 32. Rd2 Nc5 33. Rxd4 Rxd4 34. Qxd4 Qc6+ 35. Kh3 g6 36. Qd8+ Kg7 37. Bc8 Qh1+ 38. Kg4 h5+ 39. Kg5 Ne4#
0-1

[Event "Large KO, Standard Pace / <1800"]
[Site "SchemingMind.com"]
[Date "2009.04.06"]
[Round "-"]
[White "Eden"]
[Black "jtrochez1"]
[Result "1-0"]
[WhiteCountry "CZE"]
[BlackCountry "HON"]
[WhiteElo "1547"]
[WhiteRD "65"]
[BlackElo "1540"]
[BlackRD "53"]
[GameID "199276"]

1. e4 e5 2. Qh5 Nc6 3. Bc4 Qe7 4. d3 h6 5. h4 Nf6 6. Qf3 Nd4 7. Qd1 d6 8. c3 Ne6 9. Qf3 Bd7 10. g4 O-O-O
11. g5 Ng8 12. gxh6 gxh6 13. Be3 Kb8 14. Ne2 Nf6 15. Na3 h5 16. O-O-O Bh6 17. Bxh6 Rxh6 18. d4 Nf8 19. dxe5 dxe5 20. Bb5 Ne8
21. Qe3 Rd6 22. b4 c6 23. Rxd6 Nxd6 24. Bd3 Nb5 25. Bxb5 cxb5 26. Ng3 Rc8 27. Kb2 Ng6 28. Nxh5 Qf8 29. Nf6 Be8 30. Rd1 Ka8
31. Nxe8 Qxe8 32. Qg5 a6 33. h5 Nf4 34. f3 Ne2 35. Nb1 a5 36. Qe3 Nf4 37. bxa5 Nxh5 38. Qb6 Nf4 39. a6 bxa6 40. Qxa6+ Kb8
41. Rd6
1-0

[Event "Large KO, Standard Pace / <1800"]
[Site "SchemingMind.com"]
[Date "2009.04.05"]
[Round "-"]
[White "jtrochez1"]
[Black "Eden"]
[Result "0-1"]
[WhiteCountry "HON"]
[BlackCountry "CZE"]
[WhiteElo "1534"]
[WhiteRD "51"]
[BlackElo "1551"]
[BlackRD "63"]
[GameID "199279"]

1. e4 d6 2. d4 f5 3. Nc3 Nf6 4. Bd3 h6 5. h3 e6 6. e5 dxe5 7. dxe5 Nd5 8. Nxd5 exd5 9. Qh5+ Kd7 10. Bxf5+ Kc6
11. Bxc8 Qxc8 12. Qg6+ Kc5 13. Nf3 Nc6 14. O-O Ne7 15. Qd3 Kc6 16. Re1 b6 17. e6 Kb7 18. c4 c6 19. cxd5 cxd5 20. Nd4 g5
21. Nf5 Nxf5 22. Qxd5+ Qc6 23. Qxf5 Rd8 24. a4 Bb4 25. Qf7+ Ka6 26. Rf1 Rhe8 27. b3 Rxe6 28. Ba3 Bxa3 29. Rxa3 Rd7 30. Qf5 Rd5
31. Qg4 Qd6 32. b4 Rd4 33. b5+ Kb7 34. Raa1 Rxg4
0-1

[Event "Large KO, Standard Pace / <1800"]
[Site "SchemingMind.com"]
[Date "2009.04.05"]
[Round "-"]
[White "sidra"]
[Black "hlbcob"]
[Result "1-0"]
[WhiteCountry "HUN"]
[BlackCountry "USA"]
[WhiteElo "1618"]
[WhiteRD "84"]
[BlackElo "1383"]
[BlackRD "117"]
[GameID "199389"]

1. d4 d5 2. e3 c5 3. c4 e6 4. cxd5 cxd4 5. dxe6 Bxe6 6. exd4 h6 7. a3 Nf6 8. f3 Nc6 9. Bb5 Rc8 10. Ne2 Bb4+
11. axb4 O-O 12. Bxc6 Rxc6 13. Rxa7 Rc7 14. Na3 Qb8 15. Ra5 Rfc8 16. Rc5 Nd5 17. Rxc7 Qxc7 18. O-O Qb6 19. b5 Nc7 20. Nc3 Bd7
21. Nc4 Bxb5 22. Nxb5
1-0

[Event "Large KO, Standard Pace / <1800"]
[Site "SchemingMind.com"]
[Date "2009.04.05"]
[Round "-"]
[White "hlbcob"]
[Black "sidra"]
[Result "0-1"]
[WhiteCountry "USA"]
[BlackCountry "HUN"]
[WhiteElo "1383"]
[WhiteRD "117"]
[BlackElo "1618"]
[BlackRD "84"]
[GameID "199393"]

1. d4 d5 2. c4 dxc4 3. e4 b5 4. h3 e6 5. a3 c6 6. f4 Nf6 7. Nd2 Bb7 8. Ngf3 h6 9. Qc2 Nbd7 10. e5 Nd5
11. Ne4 f5 12. Nf2 Be7 13. Bd2 O-O 14. O-O-O a5 15. Re1 N7b6 16. g4 g6 17. gxf5 exf5 18. Be2 a4 19. Reg1 Kh7 20. h4 Nf6
21. Rh2 Nh5 22. Nh1 Nd5 23. Rhg2 Rg8 24. Rf2 Nhxf4 25. Ne1 Nh3 26. Rgg2 Nxf2 27. Nxf2 Bxh4 28. Nf3 Bxf2 29. Rxf2 Rc8
0-1

[Event "Large KO, Standard Pace / <1800"]
[Site "SchemingMind.com"]
[Date "2009.04.11"]
[Round "-"]
[White "Phillip Beckett"]
[Black "Gilligan"]
[Result "0-1"]
[WhiteCountry "ENG"]
[BlackCountry "USA"]
[WhiteElo "1620"]
[WhiteRD "56"]
[BlackElo "1621"]
[BlackRD "99"]
[GameID "199948"]

1. d4 d5 2. e3 Nf6 3. Bd3 e6 4. f4 Bd6 5. Nf3 O-O 6. c3 Bd7 7. O-O b6 8. Ne5 Bxe5 9. fxe5 Ne4 10. Qf3 Ng5
11. Qh5 g6 12. h4 gxh5
0-1

[Event "Large KO, Standard Pace / <1800"]
[Site "SchemingMind.com"]
[Date "2009.04.11"]
[Round "-"]
[White "Gilligan"]
[Black "Phillip Beckett"]
[Result "0-1"]
[WhiteCountry "USA"]
[BlackCountry "ENG"]
[WhiteElo "1595"]
[WhiteRD "100"]
[BlackElo "1648"]
[BlackRD "58"]
[GameID "199958"]

1. d4 d5 2. c4 e6 3. Nc3 Nf6 4. Nf3 Be7 5. e3 O-O 6. Be2 c6 7. O-O dxc4 8. Bxc4 Nbd7 9. b3 Qc7 10. e4 Nb6
11. Bd3 Bd7 12. e5 Nfd5 13. Ne4 Nb4 14. Neg5 Nxd3 15. Qxd3 g6 16. Ne4 f5 17. Bh6 fxe4 18. Qxe4 Rf7 19. h4 Bf8 20. h5 Bxh6
21. hxg6 hxg6 22. Qxg6+ Bg7 23. Ng5 Re7 24. Rad1 Be8 25. Qh7+ Kf8 26. Rd3 Bf7 27. f4 Bg8 28. Qh5 Nd5 29. f5 Bf7 30. Qg4 exf5
31. Rxf5 Kg8 32. Rff3 Be6 33. Nxe6 Qd7 34. Rh3 Qxe6 35. Qe4 Rf7 36. Qh7+ Kf8 37. Rdg3 Qf5 38. Qh4 Qf1+ 39. Kh2 Qf4 40. Qh5 Rf5
41. Qd1 Rg5 42. Qd3 Rxg3 43. Rxg3 Ke7 44. Qg6 Rh8+ 45. Kg1 Qc1+ 46. Kf2 Qd2+ 47. Kg1 Qe1#
0-1

[Event "Large KO, Standard Pace / <1800"]
[Site "SchemingMind.com"]
[Date "2009.04.13"]
[Round "-"]
[White "Clive Everill"]
[Black "Joe Daudish"]
[Result "1-0"]
[WhiteCountry "CZE"]
[BlackCountry "USA"]
[WhiteElo "1632"]
[WhiteRD "49"]
[BlackElo "1680"]
[BlackRD "52"]
[GameID "200061"]

1. e4 e6 2. Bb5 a6 3. Be2 d5 4. Nc3 Ne7 5. Nf3 Ng6 6. O-O Be7 7. d4 dxe4 8. Nxe4 O-O 9. c4 Nd7 10. b3 Nf6
11. Ng3 b6 12. h3 Bb7 13. Nh2 c5 14. Bb2 cxd4 15. Bxd4 Qc7 16. Qb1 Rfd8 17. Be3 a5 18. Bf3 Bxf3 19. Nxf3 Rd7 20. Qc2 Rad8
21. Rac1 Bc5 22. Bg5 Re8 23. Bxf6 gxf6 24. Nh5 Be7 25. Qc3 e5 26. Nd2 Qc6 27. Rfe1 Bb4 28. Qf3 Qxf3 29. Nxf3 Be7 30. Re2 Nf4
31. Nxf4 exf4 32. Nh4 Kf8 33. Nf5 Bc5 34. Rxe8+ Kxe8 35. Re1+ Kf8 36. Re2 a4 37. bxa4 Ra7 38. Nh4 Rxa4 39. Rc2 Ke7 40. Nf3 Kd6
41. Nd2 Ke5 42. Nb3 Ke4 43. Nxc5+ bxc5 44. Kf1 Kd3 45. Re2 Kxc4 46. Re7 Rxa2 47. Rxf7 Ra6 48. Rxh7 Re6 49. Rh4 Re4 50. g3 Kd3
51. Rh6 fxg3 52. Rxf6 gxf2 53. Rxf2
1-0

[Event "Large KO, Standard Pace / <1800"]
[Site "SchemingMind.com"]
[Date "2009.04.13"]
[Round "-"]
[White "Joe Daudish"]
[Black "Clive Everill"]
[Result "0-1"]
[WhiteCountry "USA"]
[BlackCountry "CZE"]
[WhiteElo "1680"]
[WhiteRD "52"]
[BlackElo "1632"]
[BlackRD "49"]
[GameID "200068"]

1. d4 Nf6 2. Nf3 g6 3. Bf4 Bg7 4. h3 d6 5. e3 b6 6. Be2 Bb7 7. O-O Nc6 8. Nbd2 Qd7 9. c3 Nd5 10. Bh2 O-O-O
11. Re1 e5 12. dxe5 Nxe5 13. Nxe5 dxe5 14. Nb3 Qc6 15. Bf3 Qc4 16. Qe2 Qxe2 17. Rxe2 Ne7 18. Bxb7+ Kxb7 19. Rd2 Rd5 20. Rxd5 Nxd5
21. Kf1 c5 22. Rd1 Nc7 23. Rd7 Rf8 24. Ke2 Kc6 25. Rd2 c4 26. Nc1 f5 27. f4 e4 28. g4 Nd5 29. Kf2 a5 30. Ne2 b5
31. gxf5 gxf5 32. Nd4+ Bxd4 33. Rxd4 b4 34. Rxc4+ Kb5 35. Rd4 Kc5 36. c4 Nc7 37. b3 a4 38. Bg3 axb3 39. axb3 h5 40. Bh4 Rf7
41. Bd8 Ne6 42. Rd5+ Kc6 43. Ba5 Nc7 44. Bxc7 Kxc7 45. Rb5 Kc6 46. Rxb4 Rd7 47. Ke2 Rg7 48. Kf2 Rd7 49. Rb5 Rd2+ 50. Ke1 Rh2
51. Rxf5 Rxh3 52. Kf2 Rf3+ 53. Ke2 Rh3
0-1

[Event "Large KO, Standard Pace / <1800"]
[Site "SchemingMind.com"]
[Date "2009.04.14"]
[Round "-"]
[White "jamesm_beatty"]
[Black "palaciorep"]
[Result "0-1"]
[WhiteCountry "USA"]
[BlackCountry "ARG"]
[WhiteElo "1442"]
[WhiteRD "76"]
[BlackElo "1698"]
[BlackRD "96"]
[GameID "200271"]

1. e4 e5 2. Nf3 Nc6 3. Bc4 h6 4. d4 exd4 5. Nxd4 Nxd4 6. Qxd4 c5 7. Qe5+ Qe7 8. Qxe7+ Bxe7 9. Nc3 Nf6 10. e5 Ng4
11. h3 Nxe5 12. Bd5 O-O 13. Bf4 Ng6 14. O-O-O Nxf4 15. Rhe1 Bg5 16. g3 Nxd5+ 17. f4 Bxf4+ 18. gxf4 Nxf4 19. Re4 Nxh3 20. Rde1 d6
21. Re8 Be6 22. Rxf8+ Rxf8 23. Nb5 a6 24. Nxd6 b5 25. b3 Ng5 26. Nb7 c4 27. Kb2 cxb3 28. cxb3 Nf3 29. Re3 Nd4 30. Nc5 a5
31. Re4 Rd8 32. Kc3 b4+ 33. Kd3 Nxb3+ 34. Rd4 Rxd4+ 35. Kc2 Nxc5 36. a3 bxa3 37. Kc3 Rb4 38. Kc2 a2 39. Kc3 a1=Q+ 40. Kd2 Qa3
41. Kd1 Rb2 42. Ke1 Qa1#
0-1

[Event "Large KO, Standard Pace / <1800"]
[Site "SchemingMind.com"]
[Date "2009.04.14"]
[Round "-"]
[White "palaciorep"]
[Black "jamesm_beatty"]
[Result "1-0"]
[WhiteCountry "ARG"]
[BlackCountry "USA"]
[WhiteElo "1689"]
[WhiteRD "93"]
[BlackElo "1432"]
[BlackRD "76"]
[GameID "200278"]

1. e4 e5 2. Nf3 Nc6 3. Bb5 a6 4. Bxc6 dxc6 5. h3 Nf6 6. Nc3 Bc5 7. O-O O-O 8. d3 Re8 9. Bg5 h6 10. Bxf6 Qxf6
11. Nh2 Qg5 12. Kh1 f5 13. exf5 Bxf5 14. Ne4 Bxe4 15. dxe4 Rf8 16. Qg4 Qd2 17. Qe6+ Kh8 18. Ng4 Bxf2 19. Qxe5 Bb6 20. Rxf8+ Rxf8
21. c4 Bd4 22. Qe7 Qf2 23. Nxf2 Rxf2 24. Qd8+ Kh7 25. Qxd4 g5 26. Qxf2 b5 27. cxb5 cxb5 28. Qf7+ Kh8 29. Rd1 c5 30. Rd8#
1-0

[Event "Large KO, Standard Pace / <1800"]
[Site "SchemingMind.com"]
[Date "2009.04.16"]
[Round "-"]
[White "staunton64"]
[Black "oliverinsignia"]
[Result "1/2-1/2"]
[WhiteCountry "FRA"]
[BlackCountry "GBR"]
[WhiteElo "1681"]
[WhiteRD "67"]
[BlackElo "1747"]
[BlackRD "121"]
[GameID "200603"]

1. c4 d5 2. cxd5 Qxd5 3. Nc3 Qd7 4. Nf3 Nc6 5. g3 e5 6. Bg2 g6 7. d3 Bg7 8. O-O Nge7 9. Be3 O-O 10. Qd2 Nd4
11. Bh6 Nec6 12. Bxg7 Kxg7 13. e3 Nxf3+ 14. Bxf3 Rd8 15. Nd5 Ne7 16. Nxe7 Qxe7 17. Qc3 c6 18. Bg2 f6 19. Rad1 Be6 20. d4 Bd5
21. dxe5 Bxa2 22. Bh3 Qxe5 23. Qa3 Bd5 24. Bg2 Bxg2 25. Kxg2 a6 26. Qb3 Qe7 27. Rxd8 Rxd8 28. Rd1= Rxd1 29. Qxd1 b5 30. Qd2 Qb7
31. Qc3 c5+ 32. f3 c4 33. e4 Kf7 34. e5 fxe5 35. Qxe5 Qe7 36. Qh8 h5=
1/2-1/2

[Event "Large KO, Standard Pace / <1800"]
[Site "SchemingMind.com"]
[Date "2009.04.16"]
[Round "-"]
[White "oliverinsignia"]
[Black "staunton64"]
[Result "1-0"]
[WhiteCountry "GBR"]
[BlackCountry "FRA"]
[WhiteElo "1747"]
[WhiteRD "121"]
[BlackElo "1681"]
[BlackRD "67"]
[GameID "200608"]

1. h4 Nf6 2. g3 Nc6 3. Bg2 d5 4. d4 e5 5. dxe5 Nxe5 6. Bg5 Be6 7. c3 Be7 8. f3 h6 9. Bxf6 Bxf6 10. Nh3 Qd7
11. Nf4 O-O-O 12. Nxe6 fxe6 13. O-O h5 14. Na3 g5 15. hxg5 Nxf3+ 16. exf3 Bxg5 17. f4 Bf6 18. Kf2 Qc6 19. Ke1 Rhg8 20. Qf3 Rdf8
21. Nc2 Qc5 22. Bh3 Kb8 23. Bxe6 d4 24. Nxd4 Bxd4 25. cxd4 Qb4+ 26. Qc3 Qxc3+ 27. bxc3 Rxg3 28. Kd2 Rg2+ 29. Kd3 h4 30. Rf3 Rh8
31. Rh1 Rh6 32. f5 c6 33. f6 Rh8 34. f7 Rf8 35. Rxh4 Kc7 36. Rg4 Rxg4 37. Bxg4 Kd6 38. Ke4 c5 39. dxc5+ Kxc5 40. Be6 Kd6
41. Kf5 Ke7= 42. Rd3 Rxf7+ 43. Bxf7
1-0

[Event "Large KO, Standard Pace / <1800"]
[Site "SchemingMind.com"]
[Date "2009.04.21"]
[Round "-"]
[White "Schaakmaatje"]
[Black "bull mccabe"]
[Result "1-0"]
[WhiteCountry "NED"]
[BlackCountry "IRL"]
[WhiteElo "1775"]
[WhiteRD "50"]
[BlackElo "1717"]
[BlackRD "83"]
[GameID "200749"]

1. e4 c5 2. Nf3 Nc6 3. Bb5 d6 4. O-O Bd7 5. d4 cxd4 6. Nxd4 a6 7. Bxc6 bxc6 8. c4 Nf6 9. Nc3 e5 10. Nc2 Be7
11. f3 O-O 12. Be3 Qc7 13. Qd2 Rab8 14. Rab1 Rfd8 15. b3 Be6 16. Rbd1 h6 17. Qf2 d5 18. cxd5
1-0

[Event "Large KO, Standard Pace / <1800"]
[Site "SchemingMind.com"]
[Date "2009.04.18"]
[Round "-"]
[White "bull mccabe"]
[Black "Schaakmaatje"]
[Result "0-1"]
[WhiteCountry "IRL"]
[BlackCountry "NED"]
[WhiteElo "1717"]
[WhiteRD "83"]
[BlackElo "1775"]
[BlackRD "50"]
[GameID "200757"]

1. e4 c5 2. Nc3 Nc6 3. Nf3 d6 4. Bb5 Bd7 5. O-O e6 6. d4 cxd4 7. Nxd4 a6 8. Nxc6 bxc6 9. Bd3 Be7 10. Bd2 h6
11. h3 e5 12. Qe2 a5 13. Rad1 Nf6 14. a3 O-O 15. Qe3 Nh5 16. Bc4 Nf4 17. Ne2 Bg5 18. Qf3 Nxe2+ 19. Bxe2 Bxd2 20. Rxd2 Qc7
0-1

[Event "Large KO, Standard Pace / <1800"]
[Site "SchemingMind.com"]
[Date "2009.04.19"]
[Round "-"]
[White "lame wolf"]
[Black "Gary"]
[Result "0-1"]
[WhiteCountry "INT"]
[BlackCountry "ENG"]
[WhiteElo "1075"]
[WhiteRD "42"]
[BlackElo "1408"]
[BlackRD "63"]
[GameID "200971"]

1. c4 e5 2. d4 exd4 3. Qxd4 Nf6 4. e4 Nc6 5. e5 Nxd4 6. Bd3 Ng4 7. Na3 Nxe5 8. Be3 Nxd3+ 9. Kd2 Nxb2 10. Bxd4 Bxa3
0-1

[Event "Large KO, Standard Pace / <1800"]
[Site "SchemingMind.com"]
[Date "2009.04.20"]
[Round "-"]
[White "TONYTODD11"]
[Black "rougon"]
[Result "0-1"]
[WhiteCountry "ENG"]
[BlackCountry "USA"]
[WhiteElo "1576"]
[WhiteRD "71"]
[BlackElo "1738"]
[BlackRD "72"]
[GameID "201153"]

1. e4 c5 2. d4 cxd4 3. c3 dxc3 4. Nxc3 e6 5. Nf3 Bb4 6. Bd2 Nc6 7. Bd3 Nf6 8. O-O O-O 9. Qe2 a6 10. Rac1 b5
11. Rfd1 Bb7 12. Be3 Rc8 13. e5 Ng4 14. Nd4 Nxe3 15. Nxe6 fxe6 16. Bxh7+ Kxh7 17. Ne4 Nxd1 18. Qh5+ Kg8 19. Ng5 Rf5 20. Qh7+ Kf8
21. h4 Rxg5 22. h5 Nxe5 23. Rxd1 Rxg2+
0-1

[Event "Large KO, Standard Pace / <1800"]
[Site "SchemingMind.com"]
[Date "2009.04.20"]
[Round "-"]
[White "soundso"]
[Black "capablanca"]
[Result "0-1"]
[WhiteCountry "USA"]
[BlackCountry "GER"]
[WhiteElo "1625"]
[WhiteRD "104"]
[BlackElo "1668"]
[BlackRD "59"]
[GameID "201155"]

1. d4 Nf6 2. c4 d5 3. cxd5 Qxd5 4. Nc3 Qa5 5. Nf3 Bf5 6. Bd2 c6 7. e4 Bg4 8. Bc4 e6 9. Nd5 Qd8 10. Nxf6+ Qxf6
11. e5 Qd8 12. Bc3 Be7 13. O-O O-O 14. Qe2 Nd7 15. Bd3 Nb6 16. Qe4 Bf5 17. Qe3 Nd5 18. Qd2 Bxd3 19. Qxd3 Nxc3 20. Qxc3 Qd5
21. Rfe1 Rfd8 22. b4 a6 23. a3 Rac8 24. Qd2 Qd7 25. Rad1 Qc7 26. Qf4 Rd5 27. Ng5 Bxg5 28. Qxg5 Rcd8 29. Qh4 Qb6 30. Re4 Qb5
31. Qe7 a5 32. Rf4 Rf8 33. bxa5 Qe2 34. Rf1 Rxa5 35. Qxb7 Rxa3 36. Qxc6 Rd3 37. Rxf7 Rxf7 38. Qc8+ Rf8 39. Qxe6+ Kh8 40. Qe7 Rg8
41. h3 Rd1 42. Rxd1 Qxd1+ 43. Kh2 Qxd4 44. e6 Rd8 45. Qf7 Qf6 46. e7 Qe5+ 47. g3 Rg8 48. f4 Qe2+ 49. Kg1 Qe1+ 50. Kg2 Qe4+
51. Kf2 Qa8 52. f5 Re8 53. f6 gxf6 54. Qxf6+ Kg8 55. Qe6+ Kg7 56. Qe5+ Kf7 57. Qh5+ Kxe7 58. Qxh7+ Kd6 59. Qd3+ Qd5 60. Qa6+ Ke5
61. Qe2+ Qe4 62. Qb5+ Kf6 63. Qb6+ Kf7 64. Qb3+ Kg7 65. Qc3+ Kh7 66. Qf3 Qe1+
0-1

[Event "Large KO, Standard Pace / <1800"]
[Site "SchemingMind.com"]
[Date "2009.04.20"]
[Round "-"]
[White "rougon"]
[Black "TONYTODD11"]
[Result "1-0"]
[WhiteCountry "USA"]
[BlackCountry "ENG"]
[WhiteElo "1756"]
[WhiteRD "70"]
[BlackElo "1511"]
[BlackRD "70"]
[GameID "201162"]

1. d4 d5 2. c4 dxc4 3. Nf3 Nf6 4. e3 b5 5. Nc3 Bd7 6. a4 b4 7. Na2 a5 8. Bxc4 e6 9. O-O Bd6 10. Bd2 O-O
11. Nc1 c6 12. Re1 Qc7 13. e4 e5 14. Nd3 Bg4 15. dxe5 Bxf3 16. Qxf3 Bxe5 17. Nxe5 Qxe5 18. b3 h5 19. Bf4 Qe7 20. Rad1 Nbd7
21. Bd6 Qe8 22. Bxf8 Ne5 23. Qg3 Ng6 24. Bd6 h4 25. Qf3 Nd7 26. e5 Ndxe5 27. Bxe5 Nxe5 28. Qe4 Rd8 29. Qxe5 Qf8 30. Rxd8
1-0

[Event "Large KO, Standard Pace / <1800"]
[Site "SchemingMind.com"]
[Date "2009.04.20"]
[Round "-"]
[White "capablanca"]
[Black "soundso"]
[Result "0-1"]
[WhiteCountry "GER"]
[BlackCountry "USA"]
[WhiteElo "1663"]
[WhiteRD "66"]
[BlackElo "1643"]
[BlackRD "105"]
[GameID "201164"]

1. e4 c6 2. d4 d5 3. Nc3 dxe4 4. Nxe4 Nf6 5. Nxf6+ exf6 6. Nf3 Bd6 7. Bc4 O-O 8. Be3 Qb6 9. Bb3 Bg4 10. h3 Bh5
11. O-O Na6 12. c3 Rfe8 13. Bc2 Qxb2 14. Qd3 Bg6 15. Rfb1 Qxc2 16. Qxc2 Bxc2 17. Rxb7 Bc7 18. Rb2 Be4 19. Nd2 Rab8 20. Rxb8 Nxb8
21. Nxe4 Rxe4 22. Rb1 Bd6 23. Rb7 Re7 24. Rb3 f5 25. Kf1 f4 26. Bd2 Nd7 27. Rb7 Nf6 28. Rxe7 Bxe7 29. Bxf4 c5 30. Ke2 c4
31. Bb8 a5 32. a4 Nd5 33. Kd2 Bd8 34. g3 Nb6 35. Ba7 Nxa4 36. Kc2 Bc7 37. d5 Bb6 38. Bxb6 Nxb6 39. d6 Kf8
0-1

[Event "Large KO, Standard Pace / <1800"]
[Site "SchemingMind.com"]
[Date "2009.04.21"]
[Round "-"]
[White "agarr"]
[Black "mmccaffe"]
[Result "1/2-1/2"]
[WhiteCountry "RUS"]
[BlackCountry "USA"]
[WhiteElo "1681"]
[WhiteRD "75"]
[BlackElo "1450"]
[BlackRD "73"]
[GameID "201302"]

1. e4 c5 2. Nf3 e6 3. Nc3 Nc6 4. Bc4 a6 5. a4 g6 6. O-O Bg7 7. d3 Nge7 8. Be3 d6 9. Qd2 O-O 10. Bh6 Bd7
11. Bxg7 Kxg7 12. d4 cxd4 13. Nxd4 Qc7 14. Nxc6 Bxc6 15. b3 Rfd8 16. Qd4+ e5 17. Qd2 f5 18. exf5 Nxf5 19. Nd5 Bxd5 20. Qxd5 Qc6
21. Qf7+ Kh6 22. Bd5 Qd7 23. Qxd7 Rxd7 24. c4 Ne7 25. Rfd1 Nxd5 26. Rxd5 Rad8 27. Rad1 Kg5 28. c5 Kf6 29. cxd6 Ke6 30. Kf1 Rxd6
31. Rxd6+ Rxd6 32. Rxd6+ Kxd6 33. Ke2 Kc5 34. Kd3 e4+ 35. Kc3 a5 36. g3 g5 37. h3 h5 38. g4 h4 39. Kc2 Kb4 40. Kb2 b6
41. Kc2 Ka3=
1/2-1/2

[Event "Large KO, Standard Pace / <1800"]
[Site "SchemingMind.com"]
[Date "2009.04.25"]
[Round "-"]
[White "vinz"]
[Black "rodk"]
[Result "1-0"]
[WhiteCountry "FRA"]
[BlackCountry "USA"]
[WhiteElo "1772"]
[WhiteRD "90"]
[BlackElo "1632"]
[BlackRD "83"]
[GameID "201303"]

1. Nf3 c5 2. e4 d6 3. d4 cxd4 4. Nxd4 Nf6 5. Nc3 g6 6. Be3 Bg7 7. f3 O-O 8. Qd2 Nc6 9. O-O-O Nxd4 10. Bxd4 Be6
11. Be3 a6 12. Bh6 Rc8 13. Bxg7 Kxg7 14. f4 Bg4 15. Be2 Bxe2 16. Qxe2 Qa5 17. g4 Rxc3 18. bxc3 Qxc3 19. Qd3 Qxd3 20. cxd3 Nxg4
21. Rd2 Rc8+ 22. Kd1 f5 23. Ke2 fxe4 24. dxe4 Rc6 25. h3 Nf6 26. Ke3 b5 27. e5 dxe5 28. fxe5 Re6 29. Kf4 Nh5+ 30. Ke4 Ng3+
31. Kd5 Kf7 32. Rf2+ Nf5 33. Rc1 Rb6 34. Rc6 Rxc6 35. Kxc6 Ke6 36. Kb6 Kxe5 37. Kxa6 Nd6 38. Re2+ Kf6 39. Kb6 h5 40. Kc6 g5
41. Kd7 g4 42. Rg2 Ne4 43. hxg4 h4 44. Re2 Ng5 45. Rxe7 h3 46. Re2 b4 47. Rh2 Ke5 48. Kc6 Kf4 49. Rb2 Kxg4 50. Rxb4+ Kg3
51. a4 h2 52. Rb1 Ne6 53. a5 Kg2 54. a6 h1=Q 55. Rxh1 Kxh1 56. a7 Nf4 57. a8=Q Kg2 58. Kd6+ Kg3 59. Qe4 Nh3 60. Ke5 Nf2
61. Qe3+ Kg2 62. Kf5 Nd1 63. Qe2+ Nf2 64. Kf4
1-0

[Event "Large KO, Standard Pace / <1800"]
[Site "SchemingMind.com"]
[Date "2009.04.21"]
[Round "-"]
[White "mmccaffe"]
[Black "agarr"]
[Result "0-1"]
[WhiteCountry "USA"]
[BlackCountry "RUS"]
[WhiteElo "1450"]
[WhiteRD "73"]
[BlackElo "1681"]
[BlackRD "75"]
[GameID "201310"]

1. e4 e5 2. Nf3 Nc6 3. Bc4 Bc5 4. d3 Nf6 5. O-O O-O 6. Nc3 h6 7. h3 d6 8. Qe2 Nd4 9. Nxd4 Bxd4 10. Nd5 c6
11. Nxf6+ Qxf6 12. Kh1 Be6 13. Bb3 Bxb3 14. axb3 a6 15. f4 Rae8 16. c3 Bb6 17. b4 Qh4 18. f5 Kh7 19. Be3 Bxe3 20. Qxe3 Rg8
21. Qb6 Re7 22. Rf3 g5 23. fxg6+ Rxg6 24. Raf1 f6 25. Qd8 Reg7 26. Rg1 Qh5 27. Qxd6 Rxg2 28. Rg3 Rxg1+ 29. Kxg1 Rxg3+
0-1

[Event "Large KO, Standard Pace / <1800"]
[Site "SchemingMind.com"]
[Date "2009.04.25"]
[Round "-"]
[White "rodk"]
[Black "vinz"]
[Result "0-1"]
[WhiteCountry "USA"]
[BlackCountry "FRA"]
[WhiteElo "1633"]
[WhiteRD "80"]
[BlackElo "1759"]
[BlackRD "86"]
[GameID "201311"]

1. e4 c5 2. Nf3 Nc6 3. d4 cxd4 4. Nxd4 e5 5. Nb5 d6 6. Be3 Nf6 7. f3 Be6 8. Nd2 d5 9. exd5 Bxd5 10. Qe2 Be7
11. O-O-O O-O 12. Ne4 Nd4 13. Nxd4 exd4 14. Bxd4 Nxe4 15. fxe4 Bxa2 16. Be3 Qa5 17. Qb5 Qxb5 18. Bxb5 a6 19. Bd7 Bc4 20. Bb6 Be2
21. Rd4 a5 22. Ra4 Bg5+ 23. Kb1 Bd2 24. e5 Ra6 25. Re4 Rxb6 26. Rxe2 Bc3 27. e6 Rxb2+ 28. Kc1 Ra2 29. exf7+ Kh8
0-1

[Event "Large KO, Standard Pace / <1800"]
[Site "SchemingMind.com"]
[Date "2009.05.08"]
[Round "-"]
[White "rougon"]
[Black "lemmie"]
[Result "1-0"]
[WhiteCountry "USA"]
[BlackCountry "NED"]
[WhiteElo "1756"]
[WhiteRD "70"]
[BlackElo "1701"]
[BlackRD "52"]
[GameID "203613"]

1. c4 e5 2. Nc3 Nf6 3. g3 d6 4. Bg2 Nbd7 5. Nf3 Be7 6. O-O Nb6 7. b3 h6 8. d4 exd4 9. Nxd4 O-O 10. Bb2 a6
11. e3 Rb8 12. Nce2 Bd7 13. Qc2 c5 14. Nf3 Bc6 15. Rad1 Be4 16. Qd2 Qc7 17. Nc3 Bc6 18. Rfe1 Rbd8 19. e4 Bd7 20. Nd5 Nbxd5
21. exd5 Rde8 22. Re2 Bg4 23. Rde1 b5 24. Bxf6 gxf6 25. Qxh6 Qd7 26. Nh4 f5 27. Rxe7 Rxe7 28. Qg5+ Kh7 29. Rxe7
1-0